| Record ID | ia:wanatcombatactio0000unse |
| Source | Internet Archive |
| Download MARC XML | https://archive.org/download/wanatcombatactio0000unse/wanatcombatactio0000unse_marc.xml |
| Download MARC binary | https://www.archive.org/download/wanatcombatactio0000unse/wanatcombatactio0000unse_meta.mrc |
LEADER: 05517cam 2200517 a 4500
001 ocn666405597
003 OCoLC
005 20220531185040.0
008 100917s2010 ksuab b f001 0 eng
010 $a 2010039932
040 $aDLC$beng$cDLC$dAFQ$dDID$dGPO$dIXA$dMNM$dOCLCA$dOCLCF$dAWC$dOCLCQ$dOCL$dPOA$dZAS$dVOD$dOCLCQ$dOCLCO$dOCL$dOCLCQ
019 $a793852339$a980089671$a1002859974$a1225727967
020 $a098419018X
020 $a9780984190188
035 $a(OCoLC)666405597$z(OCoLC)793852339$z(OCoLC)980089671$z(OCoLC)1002859974$z(OCoLC)1225727967
037 $a(GPO)99318292
042 $apcc
043 $aa-af---$an-us---
050 00 $aDS371.4123.W36$bW36 2010
074 $a0359-C
082 00 $a958.104/742$222
086 0 $aD 110.2:AF 3/2
245 00 $aWanat :$bcombat action in Afghanistan, 2008 /$cthe staff of the US Army Combat Studies Institute.
260 $aFort Leavenworth, Kan. :$bCombat Studies Institute Press, US Army Combined Arms Center,$c2010.
300 $axi, 257 pages :$billustrations, maps ;$c23 cm
336 $atext$btxt$2rdacontent
337 $aunmediated$bn$2rdamedia
338 $avolume$bnc$2rdacarrier
500 $aShipping list no.: 2011-0088-P.
504 $aIncludes bibliographical references (pages 243-257).
520 $aOn 13 July 2008, nine American soldiers perished while fighting a pitched battle in the village of Wanat in Afghanistan's Waygal Valley. On that day, the men of Company C, 2d Battalion, 503d Parachute Infantry Regiment, endured four hours of intense close quarters combat and mounting casualties. The contingent of 49 United States and 24 Afghan National Army Soldiers valiantly defended their small outpost against a coordinated attack by a determined insurgent force armed with rocket propelled grenades and automatic weapons. Despite the initial advantage of tactical surprise and numerical superiority, it was the insurgents who ultimately broke contact and withdrew from Combat Outpost Kahler. Army historians recognized the need to better understand the Battle of Wanat and ensure those who followed learned from the experiences of the courageous Soldiers who defended their outpost with such tenacity. As initial reports from the battle were received, the Combat Studies Institute at Fort Leavenworth, Kansas began to prepare a historical analysis of the circumstances of the Battle of Wanat, launching an exhaustive research effort that produced a comprehensive and compelling example of contemporary history. This study offers an objective narrative of the events surrounding the Battle of Wanat. It does not seek to draw final conclusions or to second guess decisions made before or during the heat of battle. Rather, it is an implement of learning, allowing the reader to see the events of that day through the eyes of the leaders and Soldiers of Task Force Rock. It is meant to provide context to the chaos and complexity of modern conflict, and to help the reader better understand and appreciate the nature of operations in an era of persistent conflict. Finally, this study serves to honor and preserve the memories of the nine brave men who gave their lives at Combat Outpost Kahler.
505 0 $aChapter 1. Historic and campaign background of the Waygal Valley. Nuristan Province and the Waygal Valley -- The Insurgents -- The Coalition Campaign in Afghanistan, 2001-2008 -- US Operations in Nuristan and Konar, 2001-2007 -- The Deployment of the 173d Airborne Brigade Combat Team (ABCT) to Afghanistan, 2007 -- Chosen Company and the Waygal Valley -- The 4 July Attack on Bella -- The decision to execute Operation ROCK MOVE -- Chapter 2. The establishment of COP Kahler, 8-12 July 2008. ROCK MOVE -- The Plan -- Planning and preparation in Chosen Company -- The establishment of COP Kahler, 8-12 July -- The terrain at Wanat and the configuration of the COP -- The configuration of OP Topside -- Operations and events at COP Kahler, 9-12 July -- The enemy, 9-12 July -- The eve of the attack -- Chapter 3. The Fight at Wanat, 13 July 2008. The attack on COP Kahler -- The initial defense of OP Topside -- Reinforcing OP Topside -- Arrival of attack helicopter support -- Arrival of 1st Platoon Quick Reaction Force -- The MEDEVACs at Wanat -- The consolidation at COP Kahler -- The withdrawal from the Waygal Valley -- Aftermath -- Chapter 4. Conclusions. Overview -- Counterinsurgency in Northeast Afghanistan, 2007-2008 -- Enemy disposition and intent : situational awareness in the Wanat area -- The delays in construction of COP Kahler -- The timing of Operation ROCK MOVE : the relief by TF Duke -- Defensive Positioning -- Summary -- Closing Thoughts.
610 10 $aUnited States.$bArmy.$bAirborne Brigade, 173rd.
650 0 $aWanat, Battle of, Afghanistan, 2008.
610 17 $aUnited States.$bArmy.$bAirborne Brigade, 173rd.$2fast$0(OCoLC)fst00619775
651 7 $aAfghanistan.$2fast$0(OCoLC)fst01205406
647 7 $aBattle of Wanat$c(Afghanistan :$d2008)$2fast$0(OCoLC)fst01755794
648 7 $a2008$2fast
710 2 $aCombat Studies Institute (U.S.)
776 0 $tWanat$h1 online resource$w(OCoLC)695076922
776 08 $iOnline version:$tWanat.$dFort Leavenworth, Kan. : Combat Studies Institute Press, US Army Combined Arms Center, 2010$w(OCoLC)852774642
856 41 $uhttp://www.cgsc.edu/carl/download/csipubs/Wanat.pdf
856 41 $uhttp://purl.fdlp.gov/GPO/gpo2790$70
029 1 $aNZ1$b13615647
994 $aZ0$bP4A
948 $hNO HOLDINGS IN P4A - 282 OTHER HOLDINGS